000 00620 a2200169 4500
999 _c3172
_d3172
020 _a8121908833
050 _aQA33.2 DAR 2010
100 _aDara, S. S.
_eauthor
245 _aA Text book of environmental chemistry and polution control :
_bwith energy, ecology, ethics and society /
_cS.S. Dara and D. D. Mishra
264 _aNew Delhi :
_bS. Chand & Company Ltd,
_c2010
300 _axiii, 521p. :
_bill. (col.)
500 _aIncludes bibliographical references and index
650 _aEnvironmental chemistry
650 _aEnvironmental pollution
700 _aMishra, D. D.
_eauthor
942 _2lcc
_cBK
_h33.2
_iDAR
_kQA